000 00282nam a22001337a 4500
003 SGT
020 _a9780443246197
082 _a615.10
_bRUT
100 _aRUTTER PAUL
245 _aCOMMUNITY PHARMACY
260 _aINDIA
_bELSEVER PUB
_c2026
300 _a390
942 _2ddc
_cBK
999 _c34485
_d34485